| 000 -LEADER |
| fixed length control field |
00668cam a22002174a 4500 |
| 020 ## - INTERNATIONAL STANDARD BOOK NUMBER |
| ISBN |
9780763756796 (pbk.) |
| 020 ## - INTERNATIONAL STANDARD BOOK NUMBER |
| ISBN |
0763756792 (pbk.) |
| 040 ## - CATALOGING SOURCE |
| Transcribing agency |
DLC |
| 082 00 - DEWEY DECIMAL CLASSIFICATION NUMBER |
| Classification number |
613 JON 2011 A054 Or. |
| 245 00 - TITLE STATEMENT |
| Title |
100 questions & answers about managing your cholesterol / |
| 246 3# - VARYING FORM OF TITLE |
| Title proper/short title |
One hundered questions and answers about managing your cholesterol |
| 260 ## - PUBLICATION, DISTRIBUTION, ETC. (IMPRINT) |
| Place of publication |
Burlington, MA : |
| Name of publisher |
Jones & Bartlett Learning, |
| Year of publication |
2011. |
| 300 ## - PHYSICAL DESCRIPTION |
| Number of Pages |
xii, 121 p. ; |
| Dimensions |
23 cm. |
| 490 1# - SERIES STATEMENT |
| Series statement |
100 questions & answers series |
| 500 ## - GENERAL NOTE |
| General note |
Includes index. |
| 650 #0 - SUBJECT ADDED ENTRY--TOPICAL TERM |
| Topical Term |
Cholesterol |
| 650 #0 - SUBJECT ADDED ENTRY--TOPICAL TERM |
| Topical Term |
Cholesterol |
| 700 1# - ADDED ENTRY--PERSONAL NAME |
| Personal name |
Bittner, Vera A. |
| 700 1# - ADDED ENTRY--PERSONAL NAME |
| Personal name |
Goldberg, Anne C. |
| 942 ## - ADDED ENTRY ELEMENTS (KOHA) |
| Koha item type |
សៀវភៅភាសាអង់គ្លេស |
| 952 ## - LOCATION AND ITEM INFORMATION (KOHA) |
| Withdrawn status [LOCAL, KOHA] |
0 |